| 000 | 01689nam0a2200373 4500 | ||
|---|---|---|---|
| 001 | RU\NLR\bibl\1184027 | ||
| 005 | 20260405150241.0 | ||
| 010 | _a589204013-5 | ||
| 021 |
_aRU _b2007-87476 _94730 |
||
| 035 | _a(NLR Aleph) 001170613 | ||
| 090 |
_a1594967 _c1594967 |
||
| 100 | _a20080205d2007 |||y0rusy50 ca | ||
| 101 | 0 | _arus | |
| 102 | _aRU | ||
| 105 | _aa ||||||||| | ||
| 200 | 1 |
_aМеханизмы личностного и профессионального роста студентов _e(пособие к факультативу) _fФедорова Елена Евгеньевна _gФедер. агентство по образованию, ГОУ ВПО "Челяб. гос. пед. ун-т" |
|
| 210 |
_aМиасс _cГеотур _d2007 |
||
| 215 |
_a83 с. _cил. _d21 |
||
| 320 | _aБиблиогр.: с. 81-83 (63 назв.) | ||
| 606 | 1 |
_aЛичность студента _jУчебные издания для высших учебных заведений _xСаморегуляция _91559827 _3RU\NLR\auth\66982623 |
|
| 606 | 1 |
_aТренинг социально-психологический _jУчебные издания для высших учебных заведений _91707464 _3RU\NLR\auth\661058439 |
|
| 686 | _aЮ937.2я73 | ||
| 686 | _aЮ940.3я73 | ||
| 686 | _aЮ983.03я73 | ||
| 686 | _aС550.353я73 | ||
| 700 | 1 |
_4070 _8rus _7ca _aФедорова _bЕ. Е. _cпедагог _gЕлена Евгеньевна _3RU\NLR\auth\7761590 _944520 |
|
| 801 | 0 |
_aRU _bNLR _c20080205 _gRCR |
|
| 801 | 1 |
_aRU _bNLR _c20080205 |
|
| 830 | _aАвт. по кн. | ||
| 942 | _cBOOK | ||
| 980 | _aNB | ||
| 980 | _aNBR | ||